000 00583ntaaa2200205 4500
003 01
005 20251027202230.0
008 0714s1973 ag 01
040 _aAR-BaBN
_bspa
_cAR-BaBN
_eaacr
_dRIC
082 _a268.1000 L56
100 _aLeslie, Ruth Rebecca
_920803
245 _aMi iglesia
250 _a1 ed.
260 _aMéxico :
_bCasa Unida de Publicaciones,
_cc1950
300 _a172 p
500 _aCurso para escuelas bíblicas de vacaciones, departamento primario
650 _aescuela bíblica de vacaciones
650 _aeducación religiosa
_94601
942 _cBK
999 _c17178
_d17178